| Tag |
First Indicator |
Second Indicator |
Subfields |
| LEADER |
00000cam a2200000 a 4500 |
| 001 |
in00002425378 |
| 005 |
20151109142010.0 |
| 008 |
070108s2006 dcu 000 0 eng c |
| 035 |
|
|
|a (OCoLC)ocm77552152
|
| 035 |
|
|
|a (OCoLC)77552152
|
| 040 |
|
|
|a JHA
|c JHA
|d AFQ
|d TXA
|d UtOrBLW
|
| 042 |
|
|
|a pcc
|
| 043 |
|
|
|a n-us---
|
| 049 |
|
|
|a TXAM
|
| 050 |
|
4 |
|a V163
|b .W685 2006
|
| 100 |
1 |
|
|a Work, Robert O.
|
| 245 |
1 |
0 |
|a Thinking about seabasing :
|b all head, slow /
|c by Robert Work.
|
| 264 |
|
1 |
|a Washington, D.C. :
|b Center for Strategic and Budgetary Assessments,
|c 2006.
|
| 300 |
|
|
|a viii, 313 pages ;
|c 23 cm.
|
| 336 |
|
|
|a text
|b txt
|2 rdacontent
|
| 337 |
|
|
|a unmediated
|b n
|2 rdamedia
|
| 338 |
|
|
|a volume
|b nc
|2 rdacarrier
|
| 650 |
|
0 |
|a Sea-power
|z United States.
|
| 650 |
|
0 |
|a Amphibious warfare.
|
| 650 |
|
0 |
|a Military planning
|z United States.
|
| 710 |
2 |
|
|a Center for Strategic and Budgetary Assessments (Washington, D.C.)
|
| 994 |
|
|
|a C0
|b TXA
|
| 948 |
|
|
|a cataloged
|b h
|c 2008/10/16
|d c
|e jlanham
|f 10:14:34 am
|
| 999 |
|
|
|a MARS
|
| 999 |
f |
f |
|s ef6b6909-1b45-3187-aa6a-03bc79b62e26
|i 3d36b0ce-e4c7-37a0-88fb-d7cb08c0de9a
|t 0
|
| 952 |
f |
f |
|p ric
|a Texas A&M University
|b Rellis Campus
|c Joint Library Facility
|d Remote Storage
|t 0
|e V163 .W685 2006
|h Library of Congress classification
|i unmediated -- volume
|m A14837373449
|
| 998 |
f |
f |
|a V163 .W685 2006
|t 0
|l Remote Storage
|